000 00646nam a2200205 i 4500
001 121705
003 ES-MaACL
005 20260129173917.0
007 t|
008 070214s1962 sp r ||||1| cat d
100 1 _aPorter i Moix, Miquel.
_993234
245 1 0 _aCinema
_b: final de trajecte i començament d'utopia /
_cMiquel Porter i Moix.
260 _aBarcelona :
_bRafael Dalmau,
_c1962.
300 _a93 p. ;
_c19 cm.
490 1 _aPanorama actual de les idees ;
_v15-16
650 0 7 _aCine
_2embne
_911010
830 1 _aPanorama actual de les idees
_v15-16
_9180987
852 _aES-MaACL
_jC-21789
999 _c121705
_d121705